Countries Closest to Jamaica - One Minute Sprint - Statistics

General Stats
  • This quiz has been taken 186 times
  • The average score is 13 of 20
Answer Stats
km Country miles % Correct
146 Cuba 91
93%
188 Haiti 117
93%
448 Dominican Republic 279
91%
755 United States 469
88%
916 Mexico 569
82%
416 Bahamas 258
78%
927 Panama 576
78%
624 Honduras 388
75%
624 Nicaragua 388
75%
999 Belize 621
74%
1087 Guatemala 676
72%
995 Costa Rica 618
70%
1115 El Salvador 693
64%
1414 St Kitts and Nevis 879
59%
832 Venezuela 517
59%
766 Colombia 476
58%
1515 Antigua and Barbuda 941
56%
883 Aruba 548
26%
973 Curaçao 605
19%
1381 Sint Maarten 858
14%
No matching quizzes found
Score Distribution
Percent of People with Each Score
Percentile by Number Answered
Your Score History
You have not taken this quiz